00990cam a22002775a 4500001000800000005001700008008004100025020001800066040002800084082002000112100002000132245008600152246002700238246002900265250001200294260004400306300002900350500005400379504003100433650003300464650002400497653002400521942000800545999001700553952014200570499105520161024123039.0981215t1998 caua frb 000 0 eng d a9781885705020 aDLCcDLCbengdEG-ScBUE04a155.26222bKEI1 aKeirsey, David.10aPlease understand me II :btemperament, character, intelligence /cDavid Keirsey.3 aPlease understand me 23 aPlease understand me two a1st ed. aDel Mar :bPrometheus Nemesis,cc.1998. a350 p. :bill. ;c23 cm. aRev. ed. of: Please understand me. 3rd ed. c1978. aBibliography : p. 343-345. 7aTypology (Psychology)2BUEsh 0aTemperament.2BUEsh bENGGENcOctober2016 2ddc c22822d22794 00102ddc40708BaccahaMAINbMAINcLOWd2016-10-24ePurchaseg420.00l3m35o155.26 KEIp000034501r2025-07-15 00:00:00s2024-03-02yBB